000 00987nam a22002417a 4500
005 20100729160552.0
010 _aHIN-89895
020 _c125.00
_a8171195601
035 _aHN-62241
037 _bDBAD / PUB
082 _a
100 _aसागर, शैलेन्द्र
_917026
245 _aमाटी /
_cशैलेन्द्र सागर
246 _aMaati
_bby Shailendra Sagar
260 _aनई दिल्ली
_bराधाकृष्ण
_c2000
270 _a2/38, अंसारी मार्ग, दरियागंज
_bनई दिल्ली
_e110002
300 _a156पृ.
_c18सेमी (सजिल्द)
650 _bलघु कथाएँ, हिन्दी
_91169
650 _bShort Stories, Hindi
_917027
700 _92325
942 _2ddc
_cHN
_h
_mसागर
999 _c38187
_d38187